DER SCHIMMELREITER

محفوظ في:

المؤلف الرئيسي: Verlag Philipp Reclam jun. Leipzig

التنسيق: كتاب

اللغة: Undetermined

الوسوم: إضافة وسم

لا توجد وسوم, كن أول من يضع وسما على هذه التسجيلة!

رقم الطلب:

LEADER 00242nam a2200097Ia 4500
008 240503s9999||||xx |||||||||||||| ||und||
100 1 |a Verlag Philipp Reclam jun. Leipzig 
245 1 0 |a DER SCHIMMELREITER 
300 |a 125  |c 17 
942 |2 lcc  |c BK 
999 |c 58328  |d 58328